LIBRARY ONLINE CATALOGUE

Hands-on information security lab manual (Record no. 18533)

MARC details
000 -LEADER
fixed length control field 00577nam a22001937a 4500
008 - FIXED-LENGTH DATA ELEMENTS--GENERAL INFORMATION
fixed length control field 200924b xxu||||| |||| 00| 0 eng d
020 ## - INTERNATIONAL STANDARD BOOK NUMBER
International Standard Book Number 1285167570
050 ## - LIBRARY OF CONGRESS CALL NUMBER
Classification number TK5105.59
Item number .W45 2014 c.1
100 ## - MAIN ENTRY--PERSONAL NAME
Personal name Whitman, Michael
245 ## - TITLE STATEMENT
Title Hands-on information security lab manual
Statement of responsibility, etc. Michael Whitman
250 ## - EDITION STATEMENT
Edition statement 4th ed.
260 ## - PUBLICATION, DISTRIBUTION, ETC. (IMPRINT)
Place of publication, distribution, etc. Australia
Name of publisher, distributor, etc. Cengage learning
Date of publication, distribution, etc. 2014
300 ## - PHYSICAL DESCRIPTION
Extent xiii, 526p.
650 ## - SUBJECT ADDED ENTRY--TOPICAL TERM
Topical term or geographic name as entry element Computer security
Form subdivision management
650 ## - SUBJECT ADDED ENTRY--TOPICAL TERM
Topical term or geographic name as entry element Information technology
Form subdivision security measures
700 ## - ADDED ENTRY--PERSONAL NAME
Personal name Herbert Mattord
700 ## - ADDED ENTRY--PERSONAL NAME
Personal name Andrew Green
942 ## - ADDED ENTRY ELEMENTS (KOHA)
Source of classification or shelving scheme Library of Congress Classification
Koha item type General Collection

No items available.